[Event "Nordic-USA"]
[Site "Reykjavik ISL"]
[Date "1986.02.08"]
[Round "1.1"]
[White "Seirawan, Yasser"]
[Black "Andersson, Ulf"]
[Result "1/2-1/2"]
[WhiteElo "2605"]
[BlackElo "2585"]
[EventDate "1986.02.08"]
[PlyCount "93"]

1.d4 Nf6 2.c4 e6 3.Nf3 d5 4.Nc3 Nbd7 5.cxd5 exd5 6.Bf4 c6 7.e3 Nh5 8.Bg3 
Nxg3 9.hxg3 Bd6 10.Bd3 Qe7 11.Qc2 Nf6 12.a3 g6 13.O-O O-O 14.b4 Re8 15.Na4
Ne4 16.Rfe1 Bg4 17.Nc5 h5 18.Nd2 Nxd2 19.Qxd2 b6 20.e4 bxc5 21.bxc5 Bc7 
22.exd5 Qf6 23.d6 Bxd6 24.cxd6 Qxd4 25.Qc2 Qxd6 26.Bc4 Kg7 27.Qc3+ Qf6 28.
Rec1 Rad8 29.Bf1 Rd6 30.Qc5 Re7 31.Rab1 Rd2 32.f3 Bf5 33.Rb4 Red7 34.Rf4 
R2d5 35.Qc3 Qe5 36.Qxe5+ Rxe5 37.Rfc4 Ra5 38.a4 Be6 39.Rxc6 Rxa4 40.Rxe6 
fxe6 41.Bb5 Rad4 42.Bxd7 Rxd7 43.Ra1 Kf6 44.f4 g5 45.Ra5 Rg7 46.Kf2 h4 47.
Kf3 1/2-1/2

[Event "Nordic-USA"]
[Site "Reykjavik ISL"]
[Date "1986.02.08"]
[Round "1.2"]
[White "Larsen, Bent"]
[Black "Kavalek, Lubomir"]
[Result "1/2-1/2"]
[WhiteElo "2575"]
[BlackElo "2560"]
[EventDate "1986.02.08"]
[PlyCount "55"]

1.e4 c5 2.Nf3 d6 3.d4 cxd4 4.Nxd4 Nf6 5.Nc3 a6 6.Bd3 Nc6 7.Nxc6 bxc6 8.O-O
e5 9.f4 Be7 10.Kh1 Bg4 11.Qe1 exf4 12.Bxf4 Nh5 13.Ne2 Nxf4 14.Rxf4 Bd7 15.
Bc4 O-O 16.Rd1 Bf6 17.Qf2 Be6 18.Bxe6 fxe6 19.b3 Be5 20.Rxf8+ Qxf8 21.Qb6 
c5 22.Qc6 Ra7 23.Ng1 g5 24.Nf3 Rf7 25.Rg1 Rxf3 26.gxf3 Qxf3+ 27.Rg2 Qf1+ 
28.Rg1 1/2-1/2

[Event "Nordic-USA"]
[Site "Reykjavik ISL"]
[Date "1986.02.08"]
[Round "1.5"]
[White "Dlugy, Maxim"]
[Black "Petursson, Margeir"]
[Result "1/2-1/2"]
[WhiteElo "2545"]
[BlackElo "2520"]
[EventDate "1986.02.08"]
[PlyCount "84"]

1.d4 d5 2.c4 e6 3.Nf3 c5 4.cxd5 exd5 5.g3 Nf6 6.Bg2 Be7 7.O-O O-O 8.Nc3 
Nc6 9.Bg5 cxd4 10.Nxd4 Re8 11.Rc1 h6 12.Bf4 Bg4 13.h3 Be6 14.Nxe6 fxe6 15.
e4 d4 16.e5 dxc3 17.exf6 Bxf6 18.bxc3 Qxd1 19.Rfxd1 Rad8 20.Be3 Kf7 21.Rb1
Rxd1+ 22.Rxd1 Bxc3 23.Rc1 Bb4 24.Bxc6 bxc6 25.Rxc6 a5 26.Kf1 Rd8 27.Rc7+ 
Kf6 28.Ke2 Rd5 29.Bc1 Bd6 30.Rc4 g5 31.h4 gxh4 32.Rxh4 h5 33.Rc4 Kf5 34.
Bd2 Rb5 35.Bc3 Be5 36.Rh4 Kg6 37.Bxe5 Rxe5+ 38.Kf3 Rb5 39.Kg2 e5 40.Ra4 
Kf5 41.Kh3 Rd5 42.f3 Kg5 1/2-1/2

[Event "Nordic-USA"]
[Site "Reykjavik ISL"]
[Date "1986.02.08"]
[Round "1.6"]
[White "Hansen, Curt"]
[Black "Alburt, Lev"]
[Result "1/2-1/2"]
[WhiteElo "2510"]
[BlackElo "2515"]
[EventDate "1986.02.08"]
[PlyCount "70"]

1.e4 Nf6 2.e5 Nd5 3.d4 d6 4.Nf3 g6 5.Bc4 Nb6 6.Bb3 Bg7 7.a4 d5 8.a5 Nc4 9.
Nbd2 Nxd2 10.Bxd2 O-O 11.O-O Bg4 12.h3 Bxf3 13.Qxf3 e6 14.Ba4 c5 15.dxc5 
Bxe5 16.Rad1 Qf6 17.Qxf6 Bxf6 18.b4 Rc8 19.Bb5 a6 20.Be2 Nc6 21.f4 Rd8 22.
g4 h6 23.Kg2 Kg7 24.h4 Bxh4 25.g5 hxg5 26.fxg5 e5 27.c4 Nd4 28.Bd3 dxc4 
29.Bxc4 Nf5 30.Bc1 f6 31.Rxd8 Rxd8 32.c6 bxc6 33.Bxa6 Rb8 34.Bd3 Rxb4 35.
Bxf5 gxf5 1/2-1/2

[Event "Nordic-USA"]
[Site "Reykjavik ISL"]
[Date "1986.02.08"]
[Round "1.7"]
[White "Browne, Walter Shawn"]
[Black "Hjartarson, Johann"]
[Result "1-0"]
[WhiteElo "2510"]
[BlackElo "2505"]
[EventDate "1986.02.08"]
[PlyCount "77"]

1.d4 Nf6 2.c4 e6 3.Nf3 b6 4.a3 Ba6 5.Nbd2 d5 6.Qc2 Be7 7.e4 O-O 8.e5 Ne8 
9.Bd3 h6 10.O-O c5 11.dxc5 bxc5 12.Rd1 Nc7 13.Nf1 Nc6 14.Ng3 Na5 15.b3 Rb8
16.Rb1 Qe8 17.Bxh6 dxc4 18.Bh7+ Kh8 19.Bg5 Bb7 20.Be4 Bxg5 21.Nxg5 Qe7 22.
Qd2 f5 23.Bxb7 Rxb7 24.Qf4 Kg8 25.bxc4 Rxb1 26.Rxb1 Rd8 27.Nf3 Qd7 28.h4 
Qd3 29.Rc1 Nb3 30.Re1 Nd4 31.Qg5 Nxf3+ 32.gxf3 Rd7 33.Nh5 Ne8 34.Kg2 Qxc4 
35.Nf4 Rf7 36.Ng6 Qd4 37.Qh5 Rb7 38.Qh8+ Kf7 39.h5 1-0

[Event "Nordic-USA"]
[Site "Reykjavik ISL"]
[Date "1986.02.08"]
[Round "1.8"]
[White "Arnason, Jon"]
[Black "Byrne, Robert"]
[Result "1/2-1/2"]
[WhiteElo "2500"]
[BlackElo "2505"]
[EventDate "1986.02.08"]
[PlyCount "36"]

1.e4 c5 2.Nf3 d6 3.d4 cxd4 4.Nxd4 Nf6 5.Nc3 a6 6.Be3 e5 7.Nf3 Be7 8.a4 O-O
9.Bc4 Be6 10.Qe2 Qc7 11.Nd2 Nc6 12.O-O Nb4 13.Bb3 d5 14.Bg5 Nxe4 15.Ndxe4 
dxe4 16.Bxe7 Qxe7 17.Bxe6 Qxe6 18.Qxe4 1/2-1/2

[Event "Nordic-USA"]
[Site "Reykjavik ISL"]
[Date "1986.02.08"]
[Round "1.9"]
[White "Henley, Ronald Watson"]
[Black "Rasmussen, Karsten"]
[Result "1/2-1/2"]
[WhiteElo "2505"]
[BlackElo "2500"]
[EventDate "1986.02.08"]
[PlyCount "56"]

1.d4 d5 2.c4 e6 3.Nf3 c6 4.Qc2 Nf6 5.g3 Bd6 6.Bg2 O-O 7.O-O Ne4 8.Nfd2 f5 
9.Nxe4 fxe4 10.Nc3 Nd7 11.f3 exf3 12.exf3 e5 13.cxd5 exd4 14.Ne4 Nf6 15.
dxc6 Nxe4 16.Qxe4 bxc6 17.Qxd4 Ba6 18.Re1 Qa5 19.Bd2 Bc5 20.Bxa5 Bxd4+ 21.
Kh1 Bxb2 22.Rab1 Bf6 23.f4 Bb5 24.Rbc1 Rfe8 25.Bxc6 Bxc6+ 26.Rxc6 Rxe1+ 
27.Bxe1 Rb8 28.Bc3 1/2-1/2

[Event "Nordic-USA"]
[Site "Reykjavik ISL"]
[Date "1986.02.08"]
[Round "1.10"]
[White "Sigurjonsson, Gudmundur"]
[Black "Fedorowicz, John"]
[Result "0-1"]
[WhiteElo "2495"]
[BlackElo "2500"]
[EventDate "1986.02.08"]
[PlyCount "68"]

1.e4 c5 2.Nf3 e6 3.d4 cxd4 4.Nxd4 Nc6 5.Nc3 a6 6.Be2 Qc7 7.O-O Nf6 8.Kh1 
Nxd4 9.Qxd4 Bc5 10.Qd3 b5 11.f4 h5 12.e5 Ng4 13.Bf3 Bb7 14.Bd2 Rc8 15.Bxb7
Qxb7 16.Ne4 Be7 17.Rae1 Qc6 18.f5 Nxe5 19.Qg3 Ng4 20.h3 Qb6 21.Be3 Nxe3 
22.Rxe3 d5 23.Ng5 h4 24.Qf2 e5 25.f6 gxf6 26.Qf5 Rc6 27.Rxe5 fxe5 28.Qxf7+
Kd7 29.Qxd5+ Kc8 30.Qxe5 Bf6 31.Qf5+ Kb8 32.Nf7 Rhc8 33.c3 Qc7 34.Qd5 b4 
0-1

[Event "Nordic-USA"]
[Site "Reykjavik ISL"]
[Date "1986.02.08"]
[Round "1.11"]
[White "Kogan, Boris"]
[Black "Schussler, Harry"]
[Result "0-1"]
[WhiteElo "2495"]
[BlackElo "2455"]
[EventDate "1986.02.08"]
[PlyCount "116"]

1.d4 Nf6 2.Nf3 e6 3.Bg5 c5 4.e3 d5 5.Nbd2 Nbd7 6.Bd3 Be7 7.O-O Qc7 8.c4 
dxc4 9.Nxc4 O-O 10.e4 h6 11.Bh4 cxd4 12.e5 Nd5 13.Bg3 Nc5 14.Rc1 Nxd3 15.
Qxd3 Nb4 16.Qb1 Nc6 17.Qe4 Bd7 18.Nxd4 Nxd4 19.Qxd4 Bc6 20.Bh4 Bxh4 21.
Qxh4 Bd5 22.Nd6 Qb6 23.b3 f6 24.Qg3 fxe5 25.Qxe5 Rad8 26.Nc4 Bxc4 27.bxc4 
Rd2 28.c5 Qc6 29.a4 Rd5 30.Qe3 Rff5 31.Qg3 Kh7 32.Qb8 a6 33.h3 Rxc5 34.Rb1
Rf7 35.f3 Rg5 36.Kh1 Qc2 37.Qh2 Qxa4 38.Rfe1 Qc6 39.Re4 Rd5 40.Qg1 b5 41.
Qe3 Rf6 42.Re1 a5 43.Qa7 b4 44.Rg4 Qd7 45.Qf2 b3 46.Qe2 Rff5 47.Qb2 a4 48.
Qa3 Rfe5 49.Rxe5 Rxe5 50.Qb2 Rd5 51.Re4 Qc6 52.Kh2 Rc5 53.Qa3 Rc4 54.Re1 
Qc5 55.Qb2 Rc2 56.Qb1 Qd5 57.Re3 Qd2 58.Qg1 Rc1 0-1

[Event "Nordic-USA"]
[Site "Reykjavik ISL"]
[Date "1986.02.08"]
[Round "1.12"]
[White "Yrjola, Jouni"]
[Black "Lombardy, William James"]
[Result "1/2-1/2"]
[WhiteElo "2440"]
[BlackElo "2470"]
[EventDate "1986.02.08"]
[PlyCount "57"]

1.d4 Nf6 2.c4 c5 3.d5 d6 4.Nc3 g6 5.e4 Bg7 6.Bd3 O-O 7.Nge2 e5 8.Ng3 a6 9.
a4 h5 10.h4 Nbd7 11.Bg5 Re8 12.f3 Nf8 13.b3 N8h7 14.Bd2 Qe7 15.Nf1 Qf8 16.
a5 Bh6 17.Ne3 Rb8 18.Na4 Nd7 19.g4 hxg4 20.fxg4 Bf4 21.Qf3 b5 22.axb6 Nxb6
23.Nc3 Nd7 24.Bc2 Ndf6 25.Rg1 Qh6 26.Qf2 Qf8 27.Qf3 Qh6 28.Qf2 Qf8 29.Qf3 
1/2-1/2

[Event "Nordic-USA"]
[Site "Reykjavik ISL"]
[Date "1986.02.09"]
[Round "2.1"]
[White "Andersson, Ulf"]
[Black "Seirawan, Yasser"]
[Result "1/2-1/2"]
[WhiteElo "2585"]
[BlackElo "2605"]
[EventDate "1986.02.08"]
[PlyCount "67"]

1.Nf3 d5 2.d4 Nf6 3.c4 dxc4 4.e3 e6 5.Bxc4 c5 6.O-O a6 7.dxc5 Qxd1 8.Rxd1 
Bxc5 9.a3 Ke7 10.b4 Bd6 11.Bb2 b5 12.Be2 Bb7 13.Nbd2 Rc8 14.Rac1 Nbd7 15.
Nb3 e5 16.Na5 Bd5 17.Kf1 h6 18.Nd2 Nb6 19.Bd3 Rxc1 20.Rxc1 Rc8 21.Rxc8 
Nxc8 22.e4 Ba8 23.f3 Na7 24.Nb1 Nc6 25.Nb3 Bb7 26.Bc1 Nd8 27.Be3 Bc8 28.
Nc3 Nb7 29.Ke2 Be6 30.Na1 Ne8 31.Nc2 Nc7 32.Bb6 Kd7 33.Bf2 Kc6 34.Kd2 
1/2-1/2

[Event "Nordic-USA"]
[Site "Reykjavik ISL"]
[Date "1986.02.09"]
[Round "2.3"]
[White "Olafsson, Helgi"]
[Black "Christiansen, Larry"]
[Result "1/2-1/2"]
[WhiteElo "2545"]
[BlackElo "2555"]
[EventDate "1986.02.08"]
[PlyCount "50"]

1.d4 Nf6 2.c4 e6 3.Nc3 Bb4 4.Nf3 c5 5.g3 Nc6 6.Bg2 Ne4 7.Bd2 Nxd2 8.Qxd2 
cxd4 9.Nxd4 O-O 10.Nc2 Be7 11.O-O a6 12.Rfd1 Qc7 13.Ne4 Ne5 14.b3 b5 15.
Nd6 Rb8 16.cxb5 axb5 17.Rac1 Rb6 18.Nxc8 Qxc8 19.Ne3 Qb8 20.f4 Rd6 21.Nd5 
exd5 22.fxe5 Re6 23.Qxd5 Rxe5 24.Qxd7 Rxe2 25.Re1 Qe5 1/2-1/2

[Event "Nordic-USA"]
[Site "Reykjavik ISL"]
[Date "1986.02.09"]
[Round "2.5"]
[White "Petursson, Margeir"]
[Black "Dlugy, Maxim"]
[Result "0-1"]
[WhiteElo "2520"]
[BlackElo "2545"]
[EventDate "1986.02.08"]
[PlyCount "94"]

1.d4 d5 2.Nf3 c5 3.c4 cxd4 4.cxd5 Nf6 5.Qxd4 Qxd5 6.Nc3 Qxd4 7.Nxd4 Bd7 8.
Bf4 a6 9.g3 Nc6 10.Nc2 e5 11.Bg5 Nb4 12.Nxb4 Bxb4 13.Bg2 Rc8 14.O-O Bxc3 
15.bxc3 Bc6 16.Bxc6+ Rxc6 17.Rab1 b6 18.Rfd1 Ke7 19.f4 exf4 20.gxf4 h6 21.
Bh4 g5 22.fxg5 Rg8 23.Rb4 hxg5 24.Bf2 Rb8 25.Rd3 Nd7 26.Bg3 Rbc8 27.Rd5 f6
28.Kf2 Rc4 29.Rd2 R8c6 30.h4 gxh4 31.Bxh4 a5 32.Rxc4 Rxc4 33.Rd4 Rxc3 34.
a4 Ke6 35.Bg3 Ne5 36.Bxe5 fxe5 37.Rd8 Rb3 38.e3 Rb4 39.Rb8 Kd7 40.Kg3 Kc7 
41.Re8 e4 42.Kf4 Rxa4 43.Ke5 Kc6 44.Rc8+ Kb5 45.Kd5 Rb4 46.Ra8 a4 47.Ra7 
Rc4 0-1

[Event "Nordic-USA"]
[Site "Reykjavik ISL"]
[Date "1986.02.09"]
[Round "2.7"]
[White "Hjartarson, Johann"]
[Black "Alburt, Lev"]
[Result "0-1"]
[WhiteElo "2505"]
[BlackElo "2515"]
[EventDate "1986.02.08"]
[PlyCount "102"]

1.d4 Nf6 2.c4 c5 3.d5 b5 4.cxb5 a6 5.bxa6 g6 6.Nc3 Bxa6 7.Nf3 d6 8.e4 Bxf1
9.Kxf1 Bg7 10.g3 O-O 11.Kg2 Nbd7 12.Re1 Qb6 13.Re2 Rfb8 14.h3 Qa6 15.Bg5 
h6 16.Be3 Nb6 17.Rc1 Nc4 18.b3 Nxe3+ 19.Rxe3 Nd7 20.a4 c4 21.Nb5 cxb3 22.
Nc7 Qxa4 23.Nxa8 Nc5 24.Rxc5 dxc5 25.Nc7 c4 26.e5 Qa5 27.d6 b2 28.Qb1 c3 
29.e6 fxe6 30.Re1 exd6 31.Nxe6 Qf5 32.Ned4 Qxb1 33.Rxb1 Re8 34.Kf1 Bxd4 
35.Nxd4 Re5 36.Kg2 Re4 37.Nc2 Kf7 38.Kf3 Re5 39.h4 Kf6 40.Rd1 Ke6 41.g4 
Rd5 42.Re1+ Kd7 43.Na3 Rd3+ 44.Ke4 Rd2 45.f4 c2 46.Nxc2 Rxc2 47.Rb1 Ke6 
48.h5 gxh5 49.gxh5 Kf6 50.Kd5 Kf5 51.Kxd6 Kxf4 0-1

[Event "Nordic-USA"]
[Site "Reykjavik ISL"]
[Date "1986.02.09"]
[Round "2.8"]
[White "Browne, Walter Shawn"]
[Black "Arnason, Jon"]
[Result "1/2-1/2"]
[WhiteElo "2510"]
[BlackElo "2500"]
[EventDate "1986.02.08"]
[PlyCount "67"]

1.d4 Nf6 2.c4 e6 3.Nf3 Bb4+ 4.Nbd2 b6 5.a3 Bxd2+ 6.Qxd2 Bb7 7.e3 O-O 8.b4 
a5 9.Bb2 d6 10.Be2 Ne4 11.Qd3 f5 12.O-O c5 13.dxc5 bxc5 14.b5 Nd7 15.Rad1 
Nb6 16.Ne1 d5 17.Qc2 Qe7 18.Nf3 dxc4 19.Ne5 c3 20.Bxc3 Nxc3 21.Qxc3 f4 22.
exf4 Nd5 23.Qg3 Nxf4 24.Bf3 Bd5 25.Kh1 a4 26.Nd3 Nxd3 27.Rxd3 Qb7 28.Bxd5 
exd5 29.Qd6 Qxb5 30.Qxd5+ Kh8 31.g3 Rab8 32.Kg2 h6 33.Rc3 Rbc8 34.h4 
1/2-1/2

[Event "Nordic-USA"]
[Site "Reykjavik ISL"]
[Date "1986.02.09"]
[Round "2.9"]
[White "Rasmussen, Karsten"]
[Black "Byrne, Robert"]
[Result "1/2-1/2"]
[WhiteElo "2500"]
[BlackElo "2505"]
[EventDate "1986.02.08"]
[PlyCount "73"]

1.c4 e5 2.g3 Nf6 3.Bg2 d5 4.cxd5 Nxd5 5.Nc3 Nb6 6.Nf3 Nc6 7.O-O Be7 8.d3 
O-O 9.Be3 Bg4 10.a3 Re8 11.b4 Bf8 12.Nd2 Qd7 13.b5 Na5 14.Nb3 Nxb3 15.Qxb3
Rab8 16.a4 c5 17.Rfc1 Be6 18.Qb2 f5 19.a5 Nd5 20.Nxd5 Bxd5 21.Bxd5+ Qxd5 
22.Qa2 Qxa2 23.Rxa2 b6 24.axb6 axb6 25.Ra7 Re7 26.Rca1 Rbb7 27.Rxb7 Rxb7 
28.f4 Bd6 29.Ra8+ Kf7 30.Rc8 exf4 31.Bxf4 Bxf4 32.gxf4 Re7 33.Kf2 Re8 34.
Rc7+ Re7 35.Rc8 Re8 36.Rc7+ Re7 37.Rc8 1/2-1/2

[Event "Nordic-USA"]
[Site "Reykjavik ISL"]
[Date "1986.02.09"]
[Round "2.10"]
[White "Henley, Ronald Watson"]
[Black "Olafsson, Fridrik"]
[Result "1/2-1/2"]
[WhiteElo "2505"]
[BlackElo "2485"]
[EventDate "1986.02.08"]
[PlyCount "78"]

1.d4 Nf6 2.c4 e6 3.Nf3 Bb4+ 4.Nbd2 b6 5.Qb3 a5 6.e3 Bb7 7.Be2 O-O 8.O-O d5
9.Qc2 Nbd7 10.b3 Bd6 11.Bb2 c5 12.Rac1 Rc8 13.Qb1 Qe7 14.Rfd1 cxd4 15.Nxd4
Bb8 16.cxd5 Nxd5 17.N4f3 Nc5 18.Nc4 f6 19.Ba3 Ba8 20.b4 axb4 21.Bxb4 Qb7 
22.Ba3 Qa6 23.Nd4 e5 24.Nb3 Nxb3 25.Qxb3 Rfd8 26.Bf3 b5 27.Nxe5 Rxc1 28.
Bxc1 Bxe5 29.Bxd5+ Rxd5 30.Rxd5 Bxd5 31.Qxd5+ Kf8 32.g3 Ke7 33.Bd2 Bd6 34.
Kg2 Kd7 35.Qf7+ Be7 36.Bb4 Qc6+ 37.f3 Qc2+ 38.Kh3 Qf5+ 39.Kg2 Qc2+ 1/2-1/2

[Event "Nordic-USA"]
[Site "Reykjavik ISL"]
[Date "1986.02.09"]
[Round "2.11"]
[White "Schussler, Harry"]
[Black "Fedorowicz, John"]
[Result "1-0"]
[WhiteElo "2455"]
[BlackElo "2500"]
[EventDate "1986.02.08"]
[PlyCount "60"]

1.d4 Nf6 2.Nf3 e6 3.c4 c5 4.d5 exd5 5.cxd5 d6 6.Nc3 g6 7.Bf4 Bg7 8.Qa4+ 
Bd7 9.Qb3 Qc7 10.e4 O-O 11.Nd2 Nh5 12.Be3 f5 13.exf5 gxf5 14.Be2 f4 15.
Bxc5 Na6 16.Ba3 Rae8 17.Nce4 Nf6 18.Bxd6 Qa5 19.Nc3 Rxe2+ 20.Kxe2 Re8+ 21.
Kf1 Bf5 22.Kg1 Ng4 23.Nf3 Nxf2 24.Kxf2 Nc5 25.Qb5 Nd3+ 26.Kg1 Qd8 27.Bc5 
Bxc3 28.bxc3 Re2 29.Bd4 Qe7 30.h3 Rb2 1-0

[Event "Nordic-USA"]
[Site "Reykjavik ISL"]
[Date "1986.02.09"]
[Round "2.12"]
[White "Lombardy, William James"]
[Black "Yrjola, Jouni"]
[Result "0-1"]
[WhiteElo "2470"]
[BlackElo "2440"]
[EventDate "1986.02.08"]
[PlyCount "92"]

1.e4 c5 2.Nf3 d6 3.c3 Nf6 4.Qc2 Qc7 5.Bb5+ Nbd7 6.O-O a6 7.Be2 g6 8.c4 Bg7
9.Nc3 O-O 10.d4 cxd4 11.Nxd4 b6 12.Be3 Bb7 13.Rac1 Rac8 14.f3 e6 15.Qd2 
Rcd8 16.b4 Qb8 17.Na4 Rfe8 18.Nb2 Ba8 19.Nd3 Ne5 20.Nb3 d5 21.Bf4 Nxe4 22.
Qe3 Nxc4 23.Rxc4 e5 24.Nxe5 Bxe5 25.Bxe5 Rxe5 26.Rxe4 dxe4 27.f4 Re6 28.
Bxa6 Red6 29.Bc4 Rf6 30.a3 Qc7 31.Be2 Rc8 32.Rc1 Qd8 33.Rd1 Qc7 34.Rc1 Qb8
35.Rd1 Qxf4 36.Qxf4 Rxf4 37.Rd6 Rf8 38.Nd4 e3 39.Nc2 Re4 40.Rd7 Bc6 41.Rc7
Ba4 42.Ne1 Rd4 43.Nf3 Rd7 44.Rc3 Re8 45.Kf1 Kf8 46.Ke1 Ree7 0-1